| 000 | 00611nam a2200193Ia 4500 | ||
|---|---|---|---|
| 005 | 20260114185614.0 | ||
| 008 | 008 260114s9999 xx 000 0 eng d | ||
| 020 | _a9781350038059 | ||
| 037 | _aEBOOK | ||
| 040 |
_aCRL _beng _cCRL |
||
| 041 |
_aeng _2eng |
||
| 084 | _qCRL | ||
| 100 |
_aIan Rich _9872132 |
||
| 245 | 0 | _aHolocaust Perpetrators of the German Police Battalions The Mass Murder of Jewish Civilians, 1940-1942 | |
| 260 |
_bBloomsbury _c2018 |
||
| 856 | _uhttps://doi.org/10.5040/9781350038059?locatt=label:secondary_bloomsburyCollections | ||
| 942 | _cEBOOK | ||
| 999 |
_c1471080 _d1471080 |
||